| 000 | 02505cam a22004814i 4500 | ||
|---|---|---|---|
| 003 | PE-LiUPU | ||
| 005 | 20250731173126.0 | ||
| 008 | 150623s1968 miu rb 000 0 eng d | ||
| 020 | _a0310280605 | ||
| 035 | _a(Sirsi) i9780310280606 | ||
| 040 |
_aPE-LiUPU _bspa _cPE-LiUPU _erda |
||
| 049 | _aPRUA | ||
| 082 | 0 | 4 |
_a220.8 _bA3 _221 |
| 100 | 1 |
_aLockyer, Herbert, _eautor. |
|
| 245 | 1 | 0 |
_aAll the holy days and holidays : _bsermons on all national and religious memorial days. _n6 / _cHerbert Lockyer. |
| 264 | 1 |
_aGrand Rapids, Michigan : _bZondervan Publishing House, _c1968. |
|
| 300 |
_a283 páginas ; _c24 centímetros. |
||
| 336 |
_atext _2rdacontent |
||
| 337 |
_aunmediated _2rdamedia |
||
| 338 |
_avolume _2rdacarrier |
||
| 490 | 0 |
_aThe All Series by Herbert Lockyer ; _v6 |
|
| 504 | _aIncluye bibliografía. | ||
| 505 | 0 | _aAncient origin of festival days: For christmas day -- If christ had not come -- For a watch night service -- An indelible record -- For new year's day -- The secret of a happy new year -- For valentine day-(sweetheart banquet days) -- My beloved is mine, and I am his -- For st. patrick's day -- The shamrock saint -- For lenten days -- The corn of wheat -- For palm sunday -- Palms and willows -- For good friday -- The crown of thorns -- For easter day -- My redeemer liveth -- For april fool's day -- Fools and their folly -- For ascension day -- The rapture of the redeemer -- For pentecost-whitsunday -- The gospel of whitsun -- For mother's day. The motherhood of God -- For father's day -- The fatherhood of God -- For independence day -- The land I love -- For vacation days -- The secret of a happy vacation -- For labor day -- Dignity of labor -- Harvest festival day -- The harvest home. | |
| 526 | _aSEG42 | ||
| 526 | _aSEG41 | ||
| 526 | _aSEG40 | ||
| 526 | _aSEG39 | ||
| 526 | _aP94 | ||
| 526 | _aP87 | ||
| 526 | _aP86 | ||
| 526 | _aP85 | ||
| 526 | _aP77 | ||
| 526 | _aP76 | ||
| 526 | _aP35 | ||
| 650 | 1 | 4 | _aAyunos y fiestas. |
| 650 | 2 | 4 | _aSermones ocasionales. |
| 942 |
_2ddc _cBOOK |
||
| 949 |
_a220.8 A3 6 _wDEWEY _c1 _i51258 _lCCODEBUL1 _mBUL _p15.00 _r0 _sY _tBOOK _u2015-6-24 _xTEOLOGIA _PP35 _0COMPRA _o.STAFF. Colección General |
||
| 994 |
_aC0 _bPEPRU |
||
| 596 | _a1 | ||
| 999 |
_a220.8 A3 6 _wDEWEY _c32966 _i51258 _f2021-11-9 _g5 _lCCODEBUL1 _mBUL _p15.00 _r0 _sY _tBOOK _u2015-6-24 _xTEOLOGIA _PP35 _0COMPRA _o.STAFF. Colección Teología _d32966 |
||
| 980 |
_81 _gALBERTO SANCHEZ Responsable de Automatización |
||